000 00506cam a2200193ua 4500
003 OSt
008 241101b |||||||| |||| 00| 0 eng d
020 _a81-7100-212-9
041 _aeng
082 _a621.47
_bRAI/EN
100 _aRaikhy, P S .
_96394
245 _aEnergy consumption in India: pattern and determinents /
250 _a1 /
260 _aNewdelhi :
_bDeep and deep publications ,
_c1990.
300 _a202 ; .
500 _a*CSS
700 1 _aParminder, Singh .
_96396
942 _cBK
999 _c7414
_d7414